| 000 | 00428 a2200133 4500 | ||
|---|---|---|---|
| 020 | _a0815136927 | ||
| 050 |
_aRT120. _b.I5C752 1998 |
||
| 100 |
_a Urden, Linda Diann; _qLinda Diann Urden _97827 |
||
| 245 |
_aCritical care nursing : _bdiagnosis and management / _cLinda Diann Urden |
||
| 250 | _a3rd ed | ||
| 260 |
_aSt. Louis : _bMosby ; _c♭1998. |
||
| 300 |
_a1 volume (various pagings) : _bill . ; _c29 cm . |
||
| 942 |
_2lcc _cBK _n0 |
||
| 999 |
_c3674 _d3674 |
||